LEADER 01610nam a2200361 u 4500 001 000000039957 003 CaOOAMICUS 005 20070226114041.0 008 980520m19831984it u000 u ita u 020 $a8802038791 (v.1) 020 $a8802039038 (v.2) 035 $a10795556 040 $aPUL(R)$bita 245 00$aManuale di diritto comunitario /$ca cura di S. Pennacchini, R. Monaco, L. Ferrari Bravo ; coordinato da S. Puglisi. 260 $aTorino :$bUTET,$cc1983-1984. 300 $a2 v. ;$c24 cm 500 $aContiene indici. 504 $aBibliografia in nota. 650 4$aDiritto comunitario.$0(OLS)http://pul/subject/12690 700 1 $aPennacchini, Erminio.$0(OLS)http://pul/name/29610 700 1 $aPuglisi, S.,$q(Salvatore).$0(OLS)http://pul/name/29611 700 1 $aFerrari Bravo, Luigi.$0(OLS)http://pul/name/28981 700 1 $aMonaco, Riccardo.$0(OLS)http://pul/name/28988 850 $aPUL 852 $aPUL$W1$xSL Diritto e Scienze Sociali 1$y4$m179 C 70-71$j54363$nBK-PRI$b $qStampati$B54363$CPULBib$Z2$F54363 $H $81 852 $aPUL$W1$xSL Diritto e Scienze Sociali 1$y4$m179 C 70-71$j54363$nBK-PRI$b $qStampati$B54364$CPULBib$Z2$F54364 $H $81 941 1 $a8 961 $aINV: 55900-901. 961 $aINV: 55900-901. 996 $6020$a8802038791 (v.1)$9(OLS)http://pul/number/49683 996 $6020$a8802039038 (v.2)$9(OLS)http://pul/number/49684 996 $6245$aManuale di diritto comunitario$9(OLS)http://pul/title/54026 996 $6260$aTorino :$bUTET$9(OLS)http://pul/publisher/48088 LEADER 01880nam a2200325 u 4500 001 000000034452 003 CaOOAMICUS 005 20070226112456.0 008 971213s1982 it u000 u ita u 020 $a8821300463 035 $a10778872 040 $aIPA$bita$dPUL(R) 110 2 $aPontificia Università Salesiana.$bFacoltà di lettere cristiane e classiche.$bConvegno di studio e aggiornamento$d(1981 :$cRoma).$0(OLS)http://pul/name/26522 245 10$aEcclesiologia e catechesi patristica :$b"sentirsi chiesa" : Convegno di studio e aggiornamento, Pontificium Intitutum altioris latinitatis (Facoltà di lettere cristiane e classiche), Roma, 6-7 marzo 1981 /$ca cura di Sergio Felici. 260 $aRoma :$bLAS,$c1982. 300 $a348 p., [4] c. di tav. :$bill. ;$c24 cm 490 1 $aBiblioteca di scienze religiose (Libreria Ateneo salesiano) ;$v46. 650 4$aCatechesi patristica.$0(OLS)http://pul/subject/1423 650 4$aPadri della Chiesa$vCongressi.$0(OLS)http://pul/subject/13016 700 1 $aFelici, Sergio.$0(OLS)http://pul/name/1463 830 0$aBiblioteca di scienze religiose (Libreria Ateneo salesiano) ;$v46.$0(OLS)http://pul/title/491 850 $aPUL 852 $aPUL$W1$xSL Religione 2$y84$mTheol A3 46$j47193$n $b $qStampati altre collocazioni$B47193$CPULBib$Z2$F47193 $H $81 941 1 $a10 961 $aINV: 74320 983 0$aNuova biblioteca di scienze religiose. 983 0$aBiblioteca di scienze religiose (LAS) 996 $6020$a8821300463$9(OLS)http://pul/number/43208 996 $6245$aEcclesiologia e catechesi patristica :$b"sentirsi chiesa" : Convegno di studio e aggiornamento, Pontificium Intitutum altioris latinitatis (Facoltà di lettere cristiane e classiche), Roma, 6-7 marzo 1981$9(OLS)http://pul/title/47414 996 $6260$aRoma :$bLAS$9(OLS)http://pul/publisher/48069